Covering Islam : (Record no. 32078)
[ view plain ]
| 000 -LEADER | |
|---|---|
| fixed length control field | 01081pam a2200325 i 4500 |
| 001 - CONTROL NUMBER | |
| control field | 1353754 |
| 003 - CONTROL NUMBER IDENTIFIER | |
| control field | BDDh-ASL |
| 005 - DATE AND TIME OF LATEST TRANSACTION | |
| control field | 20231015031340.0 |
| 008 - FIXED-LENGTH DATA ELEMENTS--GENERAL INFORMATION | |
| fixed length control field | 801205s1981 nyu b 001 0 eng |
| 010 ## - LIBRARY OF CONGRESS CONTROL NUMBER | |
| LC control number | 80008654 |
| 020 ## - INTERNATIONAL STANDARD BOOK NUMBER | |
| International Standard Book Number | 0394509234 : |
| Terms of availability | $10.95 |
| 020 ## - INTERNATIONAL STANDARD BOOK NUMBER | |
| International Standard Book Number | 0394748085 (pbk.) : |
| Terms of availability | $3.95 |
| 040 ## - CATALOGING SOURCE | |
| Original cataloging agency | DLC |
| Transcribing agency | BDDh-ASL |
| Modifying agency | DLC |
| 041 ## - LANGUAGE CODE | |
| Language code of text/sound track or separate title | eng |
| 043 ## - GEOGRAPHIC AREA CODE | |
| Geographic area code | e------ |
| -- | n-us--- |
| 050 00 - LIBRARY OF CONGRESS CALL NUMBER | |
| Classification number | BP52 |
| Item number | .S24 |
| 082 00 - DEWEY DECIMAL CLASSIFICATION NUMBER | |
| Classification number | 909.09767 |
| Edition number | 19 |
| Item number | SAC |
| 100 1# - MAIN ENTRY--PERSONAL NAME | |
| Personal name | Said, Edward W. |
| 245 10 - TITLE STATEMENT | |
| Title | Covering Islam : |
| Remainder of title | how the media and the experts determine how we see the rest of the world / |
| Statement of responsibility, etc. | Edward W. Said. |
| 250 ## - EDITION STATEMENT | |
| Edition statement | 1st ed. |
| 260 ## - PUBLICATION, DISTRIBUTION, ETC. | |
| Place of publication, distribution, etc. | New York : |
| Name of publisher, distributor, etc. | Pantheon Books, |
| Date of publication, distribution, etc. | c1981. |
| 300 ## - PHYSICAL DESCRIPTION | |
| Extent | xxxi, 186 p. ; |
| Dimensions | 22 cm. |
| 504 ## - BIBLIOGRAPHY, ETC. NOTE | |
| Bibliography, etc. note | Includes bibliographical references and index. |
| 650 #0 - SUBJECT ADDED ENTRY--TOPICAL TERM | |
| Topical term or geographic name entry element | Islam |
| General subdivision | Public opinion. |
| 650 #0 - SUBJECT ADDED ENTRY--TOPICAL TERM | |
| Topical term or geographic name entry element | Public opinion |
| Geographic subdivision | United States. |
| 650 #0 - SUBJECT ADDED ENTRY--TOPICAL TERM | |
| Topical term or geographic name entry element | Public opinion |
| Geographic subdivision | Europe. |
| 856 42 - ELECTRONIC LOCATION AND ACCESS | |
| Materials specified | Publisher description |
| Uniform Resource Identifier | <a href="http://www.loc.gov/catdir/description/random044/80008654.html">http://www.loc.gov/catdir/description/random044/80008654.html</a> |
| 906 ## - LOCAL DATA ELEMENT F, LDF (RLIN) | |
| a | 7 |
| b | cbc |
| c | orignew |
| d | 1 |
| e | ocip |
| f | 19 |
| g | y-gencatlg |
| 942 ## - ADDED ENTRY ELEMENTS (KOHA) | |
| Source of classification or shelving scheme | Dewey Decimal Classification |
| Koha item type | Books |
| Withdrawn status | Lost status | Source of classification or shelving scheme | Damaged status | Not for loan | Collection code | Home library | Current library | Shelving location | Date acquired | Source of acquisition | Total Checkouts | Full call number | Barcode | Date last seen | Copy number | Price effective from | Koha item type | Public note |
|---|---|---|---|---|---|---|---|---|---|---|---|---|---|---|---|---|---|---|
| Dewey Decimal Classification | Non-fiction | Asiatic Society Library | Asiatic Society Library | General Stacks | 04/25/2023 | Donated by Professor Rana Razzaque | 909.09767 SAC | 120865 | 04/25/2023 | C-1 | 04/25/2023 | Books | Y-1981 |